| 000 | 00649nam a2200241 a 4500 | ||
|---|---|---|---|
| 001 | 0001-1196 | ||
| 003 | ELIB.Books | ||
| 008 | 150514 2010 eng | ||
| 020 | _a101589973542 | ||
| 035 | _a(ELIB.Books)0001-1351 | ||
| 092 |
_a230.082 _bNew |
||
| 100 | _aNewman, Deborah. | ||
| 245 |
_aComfortable in Your Own Skin _bMaking Peace with Your Body |
||
| 260 |
_aIllinois _bTyndale House Publishers, Inc. _c2007 |
||
| 300 |
_a159 _c21 Cm |
||
| 500 | _aLibrary | ||
| 650 | _aFeminist Theology | ||
| 856 |
_nKBTS: Library _uKBTS: Elib |
||
| 942 |
_2ddc _cBK |
||
| 990 | _a1 | ||
| 998 |
_cbat _e2015-05-14 |
||
| 999 |
_c11196 _d11196 |
||